[Event "Junior Online 4NCL Division 4"]
[Site "online"]
[Date "2021.10.14"]
[EventDate "2021.10.14"]
[Round "5.178"]
[White "Gray, Kate"]
[WhiteElo "849"]
[WhiteTeam "Ojays F"]
[Black "Patel, Kamran"]
[BlackElo "930"]
[BlackTeam "Edgware Gambits G"]
[Result "0-1"]
[PlyCount "44"]

1. e4 e5 2. Nf3 Nc6 3. Nc3 Be7 4. Bc4 Nf6 5. O-O O-O 6. d3 d6 7. Bg5 h6 8. Bh4 b6 9. Qe2 Nd4 10. Nxd4 Bg4 11. Nf3 Bxf3 12. Qxf3 Nh7 13. Bg3 Bh4 14. Bxh4 Qxh4 15. Bd5 Ng5 16. Qe3 Nh7 17. Bxa8 Rxa8 18. Nd5 c6 19. Nc7 Rc8 20. Na6 Nf6 21. f4 Ng4 22. Qe2 Qxh2# 0-1

[Event "Junior Online 4NCL Division 4"]
[Site "online"]
[Date "2021.10.14"]
[EventDate "2021.10.14"]
[Round "5.181"]
[White "Matveev, Grigory"]
[WhiteElo "1137"]
[WhiteTeam "Desert Penguins Unicorn"]
[Black "Twomey, Liam"]
[BlackElo "1812"]
[BlackTeam "Cork Juniors"]
[Result "1-0"]
[PlyCount "81"]

1. d4 e6 2. c4 d5 3. Nc3 Bb4 4. e3 Nf6 5. Nf3 Nbd7 6. Bd2 c6 7. Bd3 O-O 8. O-O Re8 9. cxd5 exd5 10. h3 a5 11. Qc2 h6 12. a3 Bd6 13. e4 dxe4 14. Nxe4 Nxe4 15. Bxe4 Nf6 16. Bf5 Bxf5 17. Qxf5 Qb6 18. Rab1 Ne4 19. Bf4 g6 20. Qg4 Nf6 21. Qh4 g5 22. Qxh6 Bxf4 23. Qxf6 Re6 24. Qf5 Rae8 25. Nxg5 Bxg5 26. Qxg5+ Rg6 27. Qd2 c5 28. dxc5 Qc6 29. g3 Qf3 30. Rbe1 Rc8 31. Re3 Qf5 32. Kh2 Rxc5 33. Re8+ Kh7 34. g4 Qf3 35. Rh8+ Kxh8 36. Qd4+ Rf6 37. Qxc5 Qf4+ 38. Kg1 Qh6 39. Qe5 Kg7 40. g5 Qg6 41. Qxf6+ 1-0

[Event "Junior Online 4NCL Division 4"]
[Site "online"]
[Date "2021.10.14"]
[EventDate "2021.10.14"]
[Round "5.183"]
[White "Deng, Jiahao"]
[WhiteElo "935"]
[WhiteTeam "Desert Penguins Unicorn"]
[Black "Schmidt, Eoin"]
[BlackElo "1097"]
[BlackTeam "Cork Juniors"]
[Result "1/2-1/2"]
[PlyCount "134"]

1. e4 e5 2. Nf3 Nc6 3. Bc4 Nf6 4. d3 Bc5 5. O-O O-O 6. Re1 h6 7. Be3 Bxe3 8. Rxe3 d6 9. Nc3 Bg4 10. Nd5 Nxd5 11. exd5 Nd4 12. h3 Nxf3+ 13. gxf3 Bxh3 14. f4 exf4 15. Rxh3 Qg5+ 16. Kf1 f3 17. Rxf3 Qh5 18. Qe2 Rfe8 19. Re3 Qxe2+ 20. Rxe2 Rf8 21. Re7 c6 22. Rxb7 cxd5 23. Bxd5 Rac8 24. c3 Kh8 25. Rxa7 Rfe8 26. Re1 Rxe1+ 27. Kxe1 Rb8 28. Bxf7 Rxb2 29. Bg6 Rb8 30. Kd2 Kg8 31. Ke3 h5 32. Bxh5 Kh7 33. Kf4 Kh6 34. Kg4 Rb2 35. Ra8 Kh7 36. Kg5 Rb5+ 37. Kh4 g6 38. Ra7+ Kh6 39. Be2 g5+ 40. Kg4 Re5 41. Bf3 d5 42. Ra6+ Kh7 43. d4 Re1 44. Bxd5 Rg1+ 45. Kf5 Rf1 46. f3 Rc1 47. Kxg5 Rxc3 48. Be4+ Kg7 49. d5 Rc5 50. Rc6 Rb5 51. Rg6+ Kf7 52. Kf5 Ke7 53. Re6+ Kd7 54. Ke5 Rc5 55. Rc6 Rb5 56. Bd3 Ra5 57. Bf5+ Ke7 58. Kd4 Rxa2 59. d6+ Kf6 60. d7+ Kxf5 61. d8=Q Rd2+ 62. Kc5 Rxd8 63. Rh6 Kf4 64. Rh3 Rc8+ 65. Kd5 Rc3 66. Kd4 Rxf3 67. Rxf3+ Kxf3 1/2-1/2

[Event "Junior Online 4NCL Division 4"]
[Site "online"]
[Date "2021.10.14"]
[EventDate "2021.10.14"]
[Round "5.185"]
[White "Twomey, Liam"]
[WhiteElo "1812"]
[WhiteTeam "Cork Juniors"]
[Black "Matveev, Grigory"]
[BlackElo "1137"]
[BlackTeam "Desert Penguins Unicorn"]
[Result "1-0"]
[PlyCount "65"]

1. e4 c5 2. c3 d6 3. d4 cxd4 4. cxd4 e6 5. Nc3 Nf6 6. Bg5 Be7 7. e5 Nfd7 8. Bxe7 Qxe7 9. Nf3 Nc6 10. exd6 Qxd6 11. Bc4 O-O 12. O-O Qb4 13. Qb3 Qxb3 14. Bxb3 e5 15. d5 Nd4 16. Nxd4 exd4 17. Nb5 Nf6 18. Rad1 Bf5 19. Rxd4 Rfd8 20. d6 a6 21. Nc7 Rac8 22. Rfd1 b5 23. f3 Bd7 24. Nxa6 Bc6 25. Nc7 Ne8 26. Nxe8 Bxe8 27. d7 Bxd7 28. Rxd7 Rxd7 29. Rxd7 h6 30. Rxf7 Rc1+ 31. Kf2 Rb1 32. Rd7+ Kh7 33. Bc2+ 1-0

[Event "Junior Online 4NCL Division 4"]
[Site "online"]
[Date "2021.10.14"]
[EventDate "2021.10.14"]
[Round "5.187"]
[White "Schmidt, Eoin"]
[WhiteElo "1097"]
[WhiteTeam "Cork Juniors"]
[Black "Deng, Jiahao"]
[BlackElo "935"]
[BlackTeam "Desert Penguins Unicorn"]
[Result "1-0"]
[PlyCount "105"]

1. e4 e5 2. Nf3 Nc6 3. Nc3 Bc5 4. Bc4 d6 5. h3 Nge7 6. O-O O-O 7. d3 Qe8 8. Bg5 h6 9. Bh4 Nd4 10. Nxd4 exd4 11. Nd5 Nxd5 12. Bxd5 Rb8 13. Qf3 c6 14. Bc4 d5 15. exd5 cxd5 16. Bxd5 Be6 17. Bxe6 Qxe6 18. Qg3 g6 19. Rfe1 Qd7 20. Bf6 Bb4 21. c3 dxc3 22. bxc3 Bxc3 23. Re7 Qf5 24. Bxc3 Rbe8 25. Rxb7 Qc8 26. Rxa7 Qxc3 27. Rb1 Re1+ 28. Rxe1 Qxe1+ 29. Kh2 Qe8 30. Qf3 Qb8+ 31. Qg3 Qxa7 32. Qd6 Qxa2 33. h4 Qxf2 34. h5 Qf5 35. hxg6 fxg6 36. d4 Qf6 37. Qg3 Rd8 38. Kh3 Rxd4 39. Kh2 Qg5 40. Qb8+ Kf7 41. Qa7+ Rd7 42. Qxd7+ Qe7 43. Qd5+ Qe6 44. Qd2 g5 45. g3 Kg6 46. Qd3+ Qf5 47. Qa6+ Kh5 48. Qc4 Qf2+ 49. Kh3 Qf5+ 50. g4+ Qxg4+ 51. Qxg4+ Kg6 52. Qe4+ Kh5 53. Qe8# 1-0

[Event "Junior Online 4NCL Division 4"]
[Site "online"]
[Date "2021.10.14"]
[EventDate "2021.10.14"]
[Round "5.188"]
[White "Becker, Mia"]
[WhiteElo "700"]
[WhiteTeam "Desert Penguins Unicorn"]
[Black "Syed, Hassan"]
[BlackElo "830"]
[BlackTeam "Cork Juniors"]
[Result "0-1"]
[PlyCount "66"]

1. d4 Nf6 2. Bf4 e6 3. Nf3 Qe7 4. e3 Qb4+ 5. c3 Qxb2 6. Nbd2 Ng4 7. h3 Nf6 8. Bc4 d5 9. Bb5+ Qxb5 10. c4 dxc4 11. Qe2 Qb2 12. Rd1 c3 13. Nc4 Qxe2+ 14. Kxe2 b5 15. Na3 Bxa3 16. Rb1 b4 17. Ne1 Ba6+ 18. Kf3 Bb7+ 19. Kg3 h5 20. Bg5 h4+ 21. Kh2 Ne4 22. f3 c2 23. Nxc2 Nc3 24. Ra1 b3 25. axb3 Bd6+ 26. f4 f6 27. Bxf6 gxf6 28. Ne1 Na6 29. Rc1 Ne2 30. Rb1 Rg8 31. Rb2 Nc3 32. Rc2 Bb4 33. Nd3 Rxg2+ 0-1

[Event "Junior Online 4NCL Division 4"]
[Site "online"]
[Date "2021.10.14"]
[EventDate "2021.10.14"]
[Round "5.191"]
[White "Milani-Foglia, Aurelio"]
[WhiteElo "1128"]
[WhiteTeam "Edgware Gambits F"]
[Black "Coppell, Gracie"]
[BlackElo "935"]
[BlackTeam "Brentwood School C"]
[Result "1-0"]
[PlyCount "83"]

1. e4 e5 2. Nf3 Nc6 3. Bc4 Bc5 4. d3 h6 5. Be3 Bb6 6. Nc3 Nf6 7. Bb5 d6 8. Bxc6+ bxc6 9. Qd2 Ba5 10. O-O d5 11. exd5 Nxd5 12. Nxe5 Qf6 13. Bd4 c5 14. Nxd5 Bxd2 15. Nxf6+ gxf6 16. Nf3 cxd4 17. Nxd2 O-O 18. Rfe1 Bf5 19. Nb3 Rad8 20. Nd2 Rd5 21. Ne4 Bxe4 22. dxe4 Rc5 23. Re2 Rb8 24. b3 Rb6 25. f4 Rbc6 26. Rc1 d3 27. Rf2 dxc2 28. Kf1 Kf8 29. Ke2 Rd6 30. Ke3 Rc3+ 31. Ke2 Rdd3 32. Ke1 Re3+ 33. Kf1 Rxe4 34. Rcxc2 Rxc2 35. Rxc2 Rxf4+ 36. Kg1 f5 37. Rxc7 Re4 38. Rxa7 f4 39. Ra4 Re1+ 40. Kf2 Ra1 41. Kf3 Rxa2 42. Rxa2 1-0

[Event "Junior Online 4NCL Division 4"]
[Site "online"]
[Date "2021.10.14"]
[EventDate "2021.10.14"]
[Round "5.193"]
[White "Tager, Maya"]
[WhiteElo "982"]
[WhiteTeam "Edgware Gambits F"]
[Black "Measday, Austin"]
[BlackElo "829"]
[BlackTeam "Brentwood School C"]
[Result "1-0"]
[PlyCount "61"]

1. e4 e5 2. Nf3 Bc5 3. Nc3 Nf6 4. Nxe5 d6 5. Nf3 Ng4 6. d4 Bb6 7. Be2 c5 8. O-O h5 9. d5 h4 10. h3 c4 11. hxg4 h3 12. gxh3 f5 13. gxf5 g6 14. fxg6 Qe7 15. Bg5 Qg7 16. Kh2 Qh7 17. gxh7 Rxh7 18. Bxc4 Rxh3+ 19. Kg2 Nd7 20. Kxh3 Nf8+ 21. Kg2 Bg4 22. Bb5+ Nd7 23. Bxd7+ Bxd7 24. Qd2 Bd8 25. Bxd8 Rxd8 26. Qh6 Ke7 27. Qg7+ Ke8 28. Rfe1 b5 29. e5 dxe5 30. Rxe5+ Be6 31. Rxe6# 1-0

[Event "Junior Online 4NCL Division 4"]
[Site "online"]
[Date "2021.10.14"]
[EventDate "2021.10.14"]
[Round "5.195"]
[White "Coppell, Gracie"]
[WhiteElo "935"]
[WhiteTeam "Brentwood School C"]
[Black "Milani-Foglia, Aurelio"]
[BlackElo "1128"]
[BlackTeam "Edgware Gambits F"]
[Result "0-1"]
[PlyCount "58"]

1. d4 d5 2. c4 c6 3. e3 Nf6 4. Nc3 e6 5. a3 a6 6. Nf3 b5 7. cxb5 cxb5 8. Bd3 Nc6 9. e4 dxe4 10. Nxe4 Nxd4 11. Nxf6+ Qxf6 12. Be4 Nxf3+ 13. Bxf3 Rb8 14. O-O Be7 15. Bc6+ Kf8 16. a4 Bb7 17. Bxb7 Rxb7 18. axb5 Rxb5 19. Rxa6 Rb8 20. Be3 Qxb2 21. h3 Qb5 22. Ra7 Qe5 23. Qd7 Qf6 24. Rc1 g6 25. Bd4 e5 26. Bc5 Bxc5 27. Rxc5 Rb1+ 28. Kh2 Qf4+ 29. g3 Qxf2# 0-1

[Event "Junior Online 4NCL Division 4"]
[Site "online"]
[Date "2021.10.14"]
[EventDate "2021.10.14"]
[Round "5.197"]
[White "Measday, Austin"]
[WhiteElo "829"]
[WhiteTeam "Brentwood School C"]
[Black "Tager, Maya"]
[BlackElo "982"]
[BlackTeam "Edgware Gambits F"]
[Result "1-0"]
[PlyCount "21"]

1. e4 e5 2. Bc4 Nf6 3. Qf3 Nc6 4. c3 Be7 5. g4 O-O 6. h4 d6 7. g5 Ne8 8. g6 hxg6 9. h5 gxh5 10. Qxh5 Bf5 11. Qh8# 1-0

[Event "Junior Online 4NCL Division 4"]
[Site "online"]
[Date "2021.10.14"]
[EventDate "2021.10.14"]
[Round "5.201"]
[White "Singh, Arjun"]
[WhiteElo "800"]
[WhiteTeam "Edgware Gambits J"]
[Black "Quin, Wilder"]
[BlackElo "1227"]
[BlackTeam "Wanstead Warriors 3"]
[Result "0-1"]
[PlyCount "22"]

1. e4 e6 2. Nc3 d5 3. exd5 exd5 4. Qe2+ Be7 5. d3 Nf6 6. Bf4 Nc6 7. Nb5 O-O 8. Nxc7 Bd6 9. Nxa8 Bxf4 10. Nf3 Bf5 11. h3 Re8 0-1

[Event "Junior Online 4NCL Division 4"]
[Site "online"]
[Date "2021.10.14"]
[EventDate "2021.10.14"]
[Round "5.202"]
[White "Sethi, Ishaan"]
[WhiteElo "1128"]
[WhiteTeam "Wanstead Warriors 3"]
[Black "Tchernitser, David"]
[BlackElo "795"]
[BlackTeam "Edgware Gambits J"]
[Result "0-1"]
[PlyCount "44"]

1. e4 e5 2. Nf3 Nc6 3. Bc4 Bb4 4. O-O Nf6 5. d3 O-O 6. Be3 a6 7. Nc3 a5 8. d4 d6 9. dxe5 Nxe5 10. Nd5 c6 11. Nxf6+ Qxf6 12. Ng5 h6 13. Nh3 Bxh3 14. Qf3 Qh4 15. g3 Qg5 16. Bxg5 Bxf1 17. Be3 Nxf3+ 18. Kxf1 d5 19. exd5 cxd5 20. Bxd5 Nxh2+ 21. Kg2 Ng4 22. Bd4 Rad8 0-1

[Event "Junior Online 4NCL Division 4"]
[Site "online"]
[Date "2021.10.14"]
[EventDate "2021.10.14"]
[Round "5.203"]
[White "Radia, Kayan"]
[WhiteElo "800"]
[WhiteTeam "Edgware Gambits J"]
[Black "Fearn, Elliot"]
[BlackElo "1100"]
[BlackTeam "Wanstead Warriors 3"]
[Result "0-1"]
[PlyCount "58"]

1. e4 e6 2. d4 d5 3. exd5 exd5 4. Nc3 Nf6 5. Bg5 Be7 6. Bb5+ c6 7. Ba4 O-O 8. Nf3 b5 9. Bb3 b4 10. Ne2 Ba6 11. O-O Bxe2 12. Qxe2 Ne4 13. Bf4 c5 14. dxc5 Bxc5 15. Be3 Bxe3 16. Qxe3 Re8 17. Ba4 Re7 18. Bc6 Nxc6 19. Qe2 Ng3 20. hxg3 Rxe2 21. Rfe1 Rxe1+ 22. Rxe1 h6 23. Ne5 Nxe5 24. Rxe5 Qd6 25. Re3 d4 26. Rd3 Re8 27. Ra3 Re1+ 28. Kh2 Qe5 29. Rxa7 Qh5# 0-1

[Event "Junior Online 4NCL Division 4"]
[Site "online"]
[Date "2021.10.14"]
[EventDate "2021.10.14"]
[Round "5.204"]
[White "Chu, Ray"]
[WhiteElo "1050"]
[WhiteTeam "Wanstead Warriors 3"]
[Black "Dodhia, Aarav"]
[BlackElo "800"]
[BlackTeam "Edgware Gambits J"]
[Result "0-1"]
[PlyCount "140"]

1. d4 d6 2. Bf4 e5 3. dxe5 dxe5 4. Qxd8+ Kxd8 5. Bxe5 Nc6 6. Bg3 Nd4 7. Kd1 Bg4 8. Nf3 Bxf3 9. gxf3 Bb4 10. c3 Nxe2 11. Bxe2 Bd6 12. Bxd6 cxd6 13. Kc2 Nf6 14. Rg1 Rg8 15. Bc4 d5 16. Bb3 Re8 17. Rg6 hxg6 18. Nd2 Re2 19. c4 dxc4 20. Bxc4 Rxf2 21. Rd1 Nd7 22. Bxf7 Ne5 23. Bxg6 Nxg6 24. Kc3 Rxh2 25. Ne4+ Ke7 26. Nc5 Rh3 27. Rd7+ Ke8 28. Rxg7 Rxf3+ 29. Kb4 Ne5 30. Rxb7 Nc6+ 31. Kb5 Rb8 32. Kxc6 Rc8+ 33. Kb5 Rf7 34. Rxf7 Kxf7 35. b4 Rb8+ 36. Ka6 Rxb4 37. a4 Rc4 38. Nd7 Rxa4+ 39. Kb7 Rb4+ 40. Kxa7 Ke7 41. Nc5 Kd6 42. Nb7+ Kc6 43. Na5+ Kb5 44. Nb7 Ra4+ 45. Kb8 Kc6 46. Nd8+ Kd6 47. Nb7+ Ke5 48. Nc5 Rb4+ 49. Kc7 Rc4 50. Kb6 Rb4+ 51. Kc7 Kd5 52. Na6 Ra4 53. Nb8 Ra8 54. Kb7 Ra4 55. Nc6 Rf4 56. Kb6 Rf6 57. Kb7 Rxc6 58. Kb8 Rc1 59. Kb7 Kd6 60. Kb8 Kd7 61. Kb7 Rb1+ 62. Ka6 Kc7 63. Ka5 Kc6 64. Ka4 Kc5 65. Ka3 Kc4 66. Ka2 Rb8 67. Ka3 Rb7 68. Ka2 Kc3 69. Ka1 Kc2 70. Ka2 Ra7# 0-1

[Event "Junior Online 4NCL Division 4"]
[Site "online"]
[Date "2021.10.14"]
[EventDate "2021.10.14"]
[Round "5.205"]
[White "Quin, Wilder"]
[WhiteElo "1227"]
[WhiteTeam "Wanstead Warriors 3"]
[Black "Singh, Arjun"]
[BlackElo "800"]
[BlackTeam "Edgware Gambits J"]
[Result "1-0"]
[PlyCount "121"]

1. e4 e5 2. Nc3 Nf6 3. f4 exf4 4. e5 Bb4 5. exf6 Bxc3 6. fxg7 Bxg7 7. Qe2+ Qe7 8. Qxe7+ Kxe7 9. d3 Re8 10. Bxf4 Kf8+ 11. Be2 Nc6 12. Bxc7 Nd4 13. Bd6+ Kg8 14. Bc5 Nxc2+ 15. Kd2 Nxa1 16. Nf3 Bxb2 17. Bd4 Bxd4 18. Nxd4 d5 19. Rxa1 Be6 20. Nxe6 Rxe6 21. Rf1 Rae8 22. Re1 Ra6 23. Ra1 Rf6 24. Rb1 Rf2 25. Re1 Rxg2 26. Kd1 Rxh2 27. Bf3 Rd8 28. Re2 Rh3 29. Rf2 Re8 30. Be2 Rh1+ 31. Kd2 Ra1 32. Bd1 Rxa2+ 33. Bc2 Ra6 34. Bb3 Rb6 35. Bc2 Rbe6 36. Ba4 Re2+ 37. Rxe2 Rxe2+ 38. Kxe2 Kg7 39. Ke3 h5 40. Kf4 Kg6 41. Be8 a5 42. d4 a4 43. Bxa4 Kh6 44. Kg3 Kg5 45. Bd7 h4+ 46. Kh3 Kh5 47. Be8 b5 48. Bxf7+ Kg5 49. Bxd5 b4 50. Bb3 Kh5 51. d5 Kg6 52. Kxh4 Kf7 53. Kg5 Ke7 54. Kf5 Kd6 55. Ke4 Kd7 56. Ke5 Ke7 57. Ba4 Kd8 58. Ke6 Kc7 59. d6+ Kd8 60. d7 b3 61. Bxb3 1-0

[Event "Junior Online 4NCL Division 4"]
[Site "online"]
[Date "2021.10.14"]
[EventDate "2021.10.14"]
[Round "5.206"]
[White "Tchernitser, David"]
[WhiteElo "795"]
[WhiteTeam "Edgware Gambits J"]
[Black "Sethi, Ishaan"]
[BlackElo "1128"]
[BlackTeam "Wanstead Warriors 3"]
[Result "0-1"]
[PlyCount "62"]

1. e4 e5 2. Nf3 Nc6 3. Bc4 Bc5 4. Nc3 d6 5. d4 exd4 6. Nd5 Nf6 7. Nxf6+ Qxf6 8. Bg5 Qf4 9. g3 Qxe4+ 10. Kd2 Qxf3 11. Qxf3 Bb4+ 12. Kd3 Ne5+ 13. Kxd4 Nxf3+ 14. Kd5 Nxg5 15. Rhe1+ Ne6 16. Ke4 O-O 17. Re3 Re8 18. Kf3 Nd4+ 19. Kf4 Rxe3 20. Kxe3 Nxc2+ 21. Kd3 Nxa1 22. f4 Bf5+ 23. Kd4 Nc2+ 24. Kd5 Be6+ 25. Ke4 d5+ 26. Ke5 dxc4 27. Ke4 Re8 28. f5 Bd7+ 29. Kd5 Bc6+ 30. Kxc4 Re4+ 31. Kd3 Ne1# 0-1

[Event "Junior Online 4NCL Division 4"]
[Site "online"]
[Date "2021.10.14"]
[EventDate "2021.10.14"]
[Round "5.207"]
[White "Fearn, Elliot"]
[WhiteElo "1100"]
[WhiteTeam "Wanstead Warriors 3"]
[Black "Radia, Kayan"]
[BlackElo "800"]
[BlackTeam "Edgware Gambits J"]
[Result "1-0"]
[PlyCount "45"]

1. e4 e5 2. Nc3 Nf6 3. f4 d6 4. fxe5 dxe5 5. Nf3 Nc6 6. Bb5 a6 7. Bxc6+ bxc6 8. Nxe5 Bg4 9. Nxc6 Bxd1 10. Nxd8 Rxd8 11. Nxd1 Bc5 12. Ne3 O-O 13. O-O Bxe3+ 14. dxe3 Nxe4 15. Rf4 Nc5 16. b3 Ne6 17. Rg4 Rfe8 18. Bb2 Nc5 19. Rxg7+ Kh8 20. Rxf7+ Kg8 21. Rg7+ Kh8 22. Rg5+ Re5 23. Bxe5# 1-0

[Event "Junior Online 4NCL Division 4"]
[Site "online"]
[Date "2021.10.14"]
[EventDate "2021.10.14"]
[Round "5.208"]
[White "Dodhia, Aarav"]
[WhiteElo "800"]
[WhiteTeam "Edgware Gambits J"]
[Black "Chu, Ray"]
[BlackElo "1050"]
[BlackTeam "Wanstead Warriors 3"]
[Result "1-0"]
[PlyCount "21"]

1. e4 c6 2. d4 d5 3. Nc3 Nf6 4. Nf3 Bg4 5. Bg5 dxe4 6. Nxe4 Nxe4 7. g3 Qd5 8. Bg2 Qxg5 9. Nxg5 Nxg5 10. Qxg4 h6 11. Qc8# 1-0

[Event "Junior Online 4NCL Division 4"]
[Site "online"]
[Date "2021.10.14"]
[EventDate "2021.10.14"]
[Round "5.212"]
[White "Munshi, Rayyan"]
[WhiteElo "745"]
[WhiteTeam "Manchester Juniors E"]
[Black "Katragadda, Akhila"]
[BlackElo "950"]
[BlackTeam "Chess Challengers G"]
[Result "1/2-1/2"]
[PlyCount "220"]

1. e4 e5 2. Nf3 f5 3. Nc3 fxe4 4. Nxe4 Nf6 5. Nc3 Bc5 6. Nxe5 Qe7 7. Qe2 d6 8. Ng6 Bxf2+ 9. Kxf2 Ng4+ 10. Kg3 Qxe2 11. Bxe2 Ne5 12. Nxh8 Bg4 13. Bb5+ c6 14. Ba4 g6 15. Bb3 Bf5 16. d3 Nbd7 17. Bg5 d5 18. Rae1 d4 19. Bf4 O-O-O 20. Bxe5 Nxe5 21. Rxe5 Rxh8 22. Ne4 h5 23. Kf4 Rf8 24. Nd6+ Kd7 25. Nxf5 gxf5 26. Rxf5 Ke7 27. Rxf8 Kxf8 28. Ke4 c5 29. Kd5 b6 30. Kc6 h4 31. Kb7 b5 32. Kxa7 c4 33. Bxc4 bxc4 34. dxc4 Ke7 35. Kb6 Kd6 36. Kb5 Ke5 37. c3 d3 38. Rd1 Ke4 39. c5 Ke3 40. c6 d2 41. Kc4 Ke2 42. Kb3 Kxd1 43. c7 Ke2 44. c8=Q d1=Q+ 45. Ka3 Qd6+ 46. Kb3 Qb6+ 47. Ka3 Kf2 48. g3 hxg3 49. hxg3 Kxg3 50. b4 Qe3 51. b5 Qc1+ 52. Kb4 Qb2+ 53. Ka5 Qxa2+ 54. Kb4 Qb2+ 55. Kc4 Kf3 56. Qb8 Qe2+ 57. Kb4 Qb2+ 58. Kc4 Ke3 59. b6 Kd2 60. b7 Qxc3+ 61. Kd5 Qb3+ 62. Kc6 Qa4+ 63. Kc7 Qf4+ 64. Kc8 Qf8+ 65. Kc7 Qc5+ 66. Kd8 Qd5+ 67. Kc8 Qe6+ 68. Kc7 Qe7+ 69. Kb6 Qe6+ 70. Ka7 Qe3+ 71. Ka6 Qc5 72. Qa8 Qa3+ 73. Kb6 Qb4+ 74. Kc7 Qe7+ 75. Kc8 Qe8+ 76. Kc7 Qe5+ 77. Kb6 Qd4+ 78. Kc7 Qc5+ 79. Kd7 Qb5+ 80. Kc7 Qc5+ 81. Kb8 Kd3 82. Qa7 Qf8+ 83. Kc7 Qf4+ 84. Kc6 Qe4+ 85. Kb6 Qd4+ 86. Ka6 Qa4+ 87. Kb6 Qb4+ 88. Kc7 Qe7+ 89. Kc8 Qf8+ 90. Kc7 Qf4+ 91. Kb6 Qb4+ 92. Kc6 Qc4+ 93. Kb6 Qe6+ 94. Kc7 Qe7+ 95. Kb6 Qd8+ 96. Ka6 Qd6+ 97. Ka5 Qd5+ 98. Kb6 Qd6+ 99. Ka5 Qd5+ 100. Ka6 Qc4+ 101. Kb6 Qe6+ 102. Kc5 Qe7+ 103. Kc6 Qe8+ 104. Kc7 Qe5+ 105. Kb6 Qe6+ 106. Kc7 Qf7+ 107. Kd6 Qf8+ 108. Kc6 Qc8+ 109. Kb6 Qe6+ 110. Kc7 Qc4+ 1/2-1/2

[Event "Junior Online 4NCL Division 4"]
[Site "online"]
[Date "2021.10.14"]
[EventDate "2021.10.14"]
[Round "5.215"]
[White "Jordan, Tabitha"]
[WhiteElo "857"]
[WhiteTeam "Manchester Juniors E"]
[Black "Nadimpalli, Sai Praneetha"]
[BlackElo "950"]
[BlackTeam "Chess Challengers G"]
[Result "0-1"]
[PlyCount "60"]

1. e4 e5 2. Nf3 Nc6 3. Nc3 Nf6 4. Bc4 Bc5 5. O-O O-O 6. d3 d6 7. h3 h6 8. Qe2 b6 9. Re1 Re8 10. Be3 Bxe3 11. Qxe3 Nb4 12. Qc1 Ba6 13. Bxa6 Nxa6 14. Qe3 Rb8 15. d4 Nb4 16. Qc1 exd4 17. Nxd4 c5 18. Nb3 c4 19. Nd2 b5 20. a3 Nc6 21. Re3 b4 22. axb4 Rxb4 23. Qe1 Rxb2 24. Nxc4 Rxc2 25. Rd1 d5 26. exd5 Rxe3 27. fxe3 Nxd5 28. Rxd5 Qf6 29. Rd6 Qg5 30. Rxc6 Qxg2# 0-1

[Event "Junior Online 4NCL Division 4"]
[Site "online"]
[Date "2021.10.14"]
[EventDate "2021.10.14"]
[Round "5.216"]
[White "Katragadda, Akhila"]
[WhiteElo "950"]
[WhiteTeam "Chess Challengers G"]
[Black "Munshi, Rayyan"]
[BlackElo "745"]
[BlackTeam "Manchester Juniors E"]
[Result "1/2-1/2"]
[PlyCount "105"]

1. e4 e5 2. f4 exf4 3. Qg4 Bd6 4. d4 Nc6 5. d5 Ne5 6. Qxg7 Qf6 7. Qxf6 Nxf6 8. Nc3 Bb4 9. Bxf4 Neg4 10. O-O-O Bxc3 11. b3 Ne3 12. Rd3 Nxf1 13. Rxc3 d6 14. Nf3 Nxh2 15. Rxh2 Bg4 16. Nh4 Nxe4 17. g3 Nxg3 18. Rxg3 Bf5 19. Re2+ Kd8 20. Bg5+ f6 21. Bxf6+ Kd7 22. Bxh8 Rxh8 23. Nxf5 Rf8 24. Re7+ Kd8 25. Rgg7 Re8 26. Rd7+ Kc8 27. Ne7+ Rxe7 28. Rgxe7 b6 29. Re8+ Kxd7 30. Rh8 c5 31. Rxh7+ Ke8 32. Rxa7 b5 33. Ra6 c4 34. bxc4 bxc4 35. Rxd6 Ke7 36. Re6+ Kd7 37. Rc6 c3 38. Rxc3 Kd6 39. Rd3 Kc5 40. a4 Kb6 41. d6 Kc6 42. a5 Kb7 43. d7 Ka6 44. d8=Q Kb5 45. Qb6+ Kc4 46. Qd4+ Kb5 47. Qd5+ Ka4 48. a6 Kb4 49. c3+ Ka3 50. c4+ Ka2 51. c5+ Ka1 52. Qd4+ Ka2 53. a7 1/2-1/2

[Event "Junior Online 4NCL Division 4"]
[Site "online"]
[Date "2021.10.14"]
[EventDate "2021.10.14"]
[Round "5.221"]
[White "Hu, Siyu"]
[WhiteElo "678"]
[WhiteTeam "Ojays G"]
[Black "Masterskikh, Elena"]
[BlackElo "770"]
[BlackTeam "Golden Falcons 2"]
[Result "0-1"]
[PlyCount "62"]

1. e4 e5 2. Nf3 Nc6 3. Bc4 d6 4. O-O Be6 5. b3 Bxc4 6. bxc4 Nf6 7. Qe2 Nb4 8. Ba3 Nxc2 9. Nc3 Nxa1 10. Rxa1 c6 11. Ng5 h6 12. c5 hxg5 13. Qc4 b6 14. cxd6 Qd7 15. Ne2 Bxd6 16. Bxd6 Qxd6 17. Qa6 b5 18. Qb7 Qd8 19. Qxc6+ Nd7 20. Nc3 a6 21. Nd5 Rc8 22. Qxa6 Nc5 23. g4 Nxa6 24. Nb6 Rc2 25. Re1 Qxd2 26. Rf1 Rh4 27. h3 Rxh3 28. Na8 Rc1 29. Nb6 Rxf1+ 30. Kg2 Rhh1 31. Nc4 Qxf2# 0-1

[Event "Junior Online 4NCL Division 4"]
[Site "online"]
[Date "2021.10.14"]
[EventDate "2021.10.14"]
[Round "5.225"]
[White "Masterskikh, Elena"]
[WhiteElo "770"]
[WhiteTeam "Golden Falcons 2"]
[Black "Hu, Siyu"]
[BlackElo "678"]
[BlackTeam "Ojays G"]
[Result "1-0"]
[PlyCount "61"]

1. e4 e5 2. Nf3 Nc6 3. Nc3 Bc5 4. d3 Qf6 5. Be3 Bxe3 6. fxe3 Nb4 7. d4 exd4 8. exd4 Nd3+ 9. Qxd3 Ne7 10. e5 Qf4 11. g3 Qh6 12. d5 Nf5 13. Qxf5 O-O 14. Bd3 d6 15. Qe4 f5 16. Qd4 f4 17. gxf4 Qh3 18. Qe4 Rf7 19. Ng5 Qh6 20. Nxf7 Qh4+ 21. Kd2 Qf2+ 22. Ne2 b6 23. Rhf1 Qh4 24. e6 g6 25. f5 gxf5 26. Qxf5 Bb7 27. Rg1+ Kf8 28. Nxd6+ Ke7 29. Nxb7 Qxh2 30. Rg7+ Ke8 31. Qf7# 1-0

[Event "Junior Online 4NCL Division 4"]
[Site "online"]
[Date "2021.10.14"]
[EventDate "2021.10.14"]
[Round "5.261"]
[White "Broachi, Zain"]
[WhiteElo "1082"]
[WhiteTeam "JHJ Shark Tank 9"]
[Black "Zhu, Xiaocheng"]
[BlackElo "736"]
[BlackTeam "Edgware Gambits L"]
[Result "1-0"]
[PlyCount "69"]

1. e4 e5 2. Nf3 Nc6 3. Bc4 Nf6 4. Ng5 Qe7 5. O-O d6 6. Nc3 Bd7 7. Nd5 Nxd5 8. Bxd5 Nb4 9. d3 Qxg5 10. Bxg5 f6 11. Qd2 c5 12. a3 Nxd5 13. exd5 fxg5 14. Qxg5 Be7 15. Qxg7 Rf8 16. Qxh7 Rb8 17. Rae1 Bf5 18. Qh5+ Kd8 19. Re3 b5 20. g4 Bd7 21. g5 Rg8 22. Rg3 c4 23. f4 exf4 24. Rxf4 cxd3 25. cxd3 a5 26. g6 Be8 27. Qh7 Rf8 28. g7 Rxf4 29. g8=Q b4 30. Re3 bxa3 31. Qxe7+ Kc8 32. Qexe8+ Kb7 33. Qg7+ Ka6 34. Qxb8 axb2 35. Qgb7# 1-0

[Event "Junior Online 4NCL Division 4"]
[Site "online"]
[Date "2021.10.14"]
[EventDate "2021.10.14"]
[Round "5.262"]
[White "Saurymper, Mylo"]
[WhiteElo "700"]
[WhiteTeam "Edgware Gambits L"]
[Black "Bradshaw, Cleo"]
[BlackElo "1042"]
[BlackTeam "JHJ Shark Tank 9"]
[Result "1-0"]
[PlyCount "131"]

1. e4 e5 2. Nf3 Nc6 3. d4 exd4 4. Nxd4 Nxd4 5. Qxd4 Nf6 6. Bg5 c5 7. Qe5+ Be7 8. Nc3 d6 9. Qf4 h6 10. Bxf6 Bxf6 11. Nd5 Be6 12. Nxf6+ gxf6 13. O-O-O Qa5 14. a3 Rg8 15. Qxf6 Rg6 16. Qh8+ Ke7 17. Qxa8 Ba2 18. Qxb7+ Kf6 19. Bd3 c4 20. e5+ Qxe5 21. Bxg6 Qg5+ 22. Rd2 fxg6 23. Rd1 d5 24. Qxd5 Qf4 25. Qd6+ Qxd6 26. Rxd6+ Kf5 27. R1d5+ Ke4 28. f3+ Ke3 29. Re5+ Kf4 30. Re7 Kg5 31. g4 h5 32. Re5+ Kf4 33. Re8 Kxf3 34. Rf6+ Kxg4 35. Rg8 g5 36. Rfg6 c3 37. Rxg5+ Kh4 38. R8g7 cxb2+ 39. Kxb2 Be6 40. a4 Bd7 41. Rxd7 Kxg5 42. Rd4 Kf5 43. c4 Ke5 44. Rd8 Ke6 45. c5 Ke7 46. Rd1 Kf6 47. c6 Kg5 48. c7 Kg4 49. c8=Q+ Kf3 50. Qf8+ Kg2 51. Qf4 h4 52. Qf1+ Kxh2 53. Rd2+ Kg3 54. a5 h3 55. Qh1 a6 56. Rd3+ Kg4 57. Qe4+ Kg5 58. Rd5+ Kf6 59. Qe5+ Kg6 60. Qg5+ Kf7 61. Rf5+ Ke6 62. Qf6+ Kd7 63. Rd5+ Kc7 64. Qd6+ Kb7 65. Qb6+ Kc8 66. Rd8# 1-0